| 000 | 01686aam a2200289 a 4500 | ||
|---|---|---|---|
| 999 |
_c485575 _d485575 |
||
| 003 | BLK | ||
| 005 | 20240629134734.0 | ||
| 008 | 221209b bul||||| |||| 00| 0 bul d | ||
| 020 | _a9786190210696 | ||
| 040 | _aBLK | ||
| 041 |
_aBUL _cBUL |
||
| 080 |
_aАмериканска литература (на САЩ) _b821.111(73) _x-321.9 _z821.111(73)-321.9 |
||
| 100 |
_aЧианг, Тед _eпърви автор _9484820 |
||
| 139 |
_aЧианг, Тед _bЧ 79 |
||
| 245 |
_aИсторията на твоя живот и други разкази _cТед Чанг; прев. Владимир Полеганов. |
||
| 257 | _aBGR | ||
| 260 |
_aСофия _bКолибри _c2022 _9209486 _fКостинброд : Мултипринт _n978-619-02- ; 978-619-150- ; 978-954-150- ; 978-954-529- |
||
| 300 |
_a352 с. _bс ил. _c21 см |
||
| 380 | _aX | ||
| 500 | _aСъдържа : Вавилонската кула; Разбери; Делене на нула; Седемдесет и две букви; Еволюция на човешката наука; Адът е отсъствието на Бог; Да ти харесва това, което виждаш. - Ориг. загл.: Stories of your life and others / Ted Chiang. - Възприетата форма на името на авт. Тед Чанг е Тед Чианг. - Биогр. данни за авт. отбелязани на гърба на кор. | ||
| 700 |
_9966 _aПолеганов, Владимир Христов _eпрев. |
||
| 852 | _aЦб 315192 | ||
| 856 |
_i0.00 _ldisable |
||
| 942 |
_cKNG _2udc _n0 _017 _s1 |
||
| 999 | _d485575 | ||
| 944 |
_k30575 _lМартин Енчев |
||